History Quiz

Random History or Clickable Quiz

Clickable European History Quiz Stats

Quiz Updated Jan 20, 2017

Challenge
Share
Tweet
Embed
Score 0/47 Timer 10:00
0 Plays Today
% Correct
Greece
94.2%
Italy
91.6%
Turkey
76%
Vatican City
74.7%
Germany
72%
Czechia
72%
Austria
70.6%
Finland
69.4%
Monaco
68.2%
France
68%
Luxembourg
67.3%
Ukraine
63.6%
Denmark
59.6%
Lithuania
59.4%
Latvia
58.1%
Norway
55%
Croatia
52.3%
Belgium
52.2%
Romania
48.6%
Slovenia
48.5%
Netherlands
47.2%
Iceland
43.2%
Sweden
42.6%
Poland
41.7%
% Correct
Switzerland
41.4%
Russia
39.6%
Bosnia and Herzegovina
39.4%
San Marino
37.4%
United Kingdom
36%
Serbia
35.2%
Ireland
34.9%
Albania
32.3%
Liechtenstein
25.6%
Bulgaria
25%
Spain
24.8%
Cyprus
23.8%
Montenegro
22.5%
Hungary
19.6%
Macedonia
19%
Portugal
16%
Estonia
15.1%
Moldova
14.9%
Belarus
14.2%
Kosovo
14.2%
Malta
10.5%
Andorra
9.8%
Slovakia
9.6%

You're not logged in!

Compare scores with friends on all Sporcle quizzes.
Sign Up with Email
OR
Log In

You Might Also Like...

Show Comments

Extras

Top Quizzes Today


Score Distribution

Your Account Isn't Verified!

In order to create a playlist on Sporcle, you need to verify the email address you used during registration. Go to your Sporcle Settings to finish the process.

Report this User

Report this user for behavior that violates our Community Guidelines.

Details: